| 000 | 00695nam a22001577a 4500 | ||
|---|---|---|---|
| 008 | 100617t xxu||||| |||| 00| 0 eng d | ||
| 082 |
_222 _a613 _bع ز ي |
||
| 100 |
_914850 _aعبد العزيز، فاروق |
||
| 245 |
_aصيف بلا متاعب صحية / _cفاروق عبد العزيز |
||
| 260 |
_aالقاهرة: _bمؤسسة أخبار اليوم ، 1985 _c1985 |
||
| 300 |
_a153 ص؛ _c19 سم |
||
| 490 |
_914838 _a ؛ كتاب اليوم الطبي _v39 |
||
| 650 |
_914851 _aالصحة الشخصية |
||
| 942 |
_2ddc _cBB |
||
| 999 |
_c14107 _d14107 |
||